000 00372nam a2200145Ia 4500
008 130318s9999 xx 000 0 und d
020 _a9788126520374
082 _a621.382 15 BAK/C
100 _aBaker, R Jacob
245 _aCMOS circuit design, layout, and simulation
260 _bWiley
_aNew Delhi
_c2005
300 _a1038
650 _aCIRCUIT DESIGN
650 _aCMOS
999 _c1895
_d1895